Statistiques concernant Pays bordant cette mer

Cliquez ici pour prendre le quiz!

Statistiques générales

  • Ce quiz a été pris 87 fois
  • Le résultat moyen est 63 sur 80

Statistiques - réponses

QuestionTuileSelect% Correct
qui borde la mer des Caraïbes ?BolivieNon
99%
qui borde la mer des Caraïbes ?PérouNon
99%
qui borde la mer des Caraïbes ?ÉquateurNon
97%
qui borde la mer des Caraïbes ?NauruNon
97%
qui borde la mer des Caraïbes ?PalaosNon
97%
qui borde la mer des Caraïbes ?Tahiti | FranceNon
95%
qui borde la mer Méditerranée ?AndorreNon
93%
qui borde la mer des Caraïbes ?Porto Rico | Etats-UnisOui
93%
qui borde la Mer d'Arabie ?Afrique du SudNon
92%
qui borde la Mer d'Arabie ?Cap-VertNon
92%
qui borde la mer des Caraïbes ?CubaOui
92%
qui borde la Mer du Japon ?IndeNon
92%
qui borde la Mer d'Arabie ?JaponNon
92%
qui borde la Mer du Japon ?MongolieNon
92%
qui borde la Mer du Japon ?Nouvelle-ZélandeNon
92%
qui borde la Mer d'Arabie ?RussieNon
92%
qui borde la Mer du Japon ?AustralieNon
90%
qui borde la Mer du Japon ?FidjiNon
90%
qui borde la Mer d'Arabie ?IndonésieNon
90%
qui borde la mer des Caraïbes ?JamaïqueOui
90%
qui borde la Mer du Japon ?PakistanNon
90%
qui borde la Mer d'Arabie ?PhilippinesNon
90%
qui borde la Mer d'Arabie ?Sao Tomé-et-PrincipeNon
90%
qui borde la mer Caspienne? ChineNon
89%
qui borde la mer Méditerranée ?EspagneOui
89%
qui borde la mer des Caraïbes ?HaïtiOui
89%
qui borde la mer Méditerranée ?ItalieOui
89%
qui borde la mer Méditerranée ?VaticanNon
89%
qui borde la mer Méditerranée ?ÉgypteOui
88%
qui borde la mer Méditerranée ?GrèceOui
88%
qui borde la Mer du Japon ?IndonésieNon
88%
qui borde la mer Caspienne? PakistanNon
88%
qui borde la mer Méditerranée ?FranceOui
86%
qui borde la mer Méditerranée ?MonacoOui
86%
qui borde la mer Méditerranée ?PortugalNon
86%
qui borde la mer Méditerranée ?LibyeOui
85%
qui borde la Mer du Japon ?MalaisieNon
85%
qui borde la Mer du Japon ?MicronésieNon
85%
qui borde la mer Méditerranée ?Saint-MarinNon
85%
qui borde la mer Caspienne? SyrieNon
85%
qui borde la Mer d'Arabie ?AfghanistanNon
84%
qui borde la Mer d'Arabie ?ComoresNon
84%
qui borde la mer Méditerranée ?JordanieNon
84%
qui borde la mer Caspienne? IrakNon
82%
qui borde la mer Méditerranée ?SerbieNon
82%
qui borde la mer Caspienne? AfghanistanNon
81%
qui borde la mer Méditerranée ?AlbanieOui
81%
qui borde la Mer du Japon ?JaponOui
81%
qui borde la mer Caspienne? KirghizistanNon
81%
qui borde la mer des Caraïbes ?SalvadorNon
81%
qui borde la Mer du Japon ?Corée du SudOui
79%
qui borde la Mer d'Arabie ?ÉgypteNon
78%
qui borde la mer Méditerranée ?LibanOui
78%
qui borde la mer Caspienne? TadjikistanNon
77%
qui borde la mer des Caraïbes ?MexiqueOui
75%
qui borde la Mer d'Arabie ?OmanOui
75%
qui borde la mer des Caraïbes ?VenezuelaOui
75%
qui borde la mer Caspienne? RussieOui
74%
qui borde la mer Caspienne? ArménieNon
71%
qui borde la mer des Caraïbes ?Îles Caïmans | Royaume-UniOui
71%
qui borde la mer Méditerranée ?Bosnie-HerzégovineOui
67%
qui borde la mer Caspienne? UkraineNon
67%
qui borde la mer Caspienne? AzerbaïdjanOui
66%
qui borde la Mer du Japon ?Corée du NordOui
66%
qui borde la Mer du Japon ?PhilippinesNon
64%
qui borde la mer Caspienne? GéorgieNon
62%
qui borde la mer Caspienne? IranOui
60%
qui borde la mer Caspienne? TurquieNon
60%
qui borde la mer des Caraïbes ?Aruba | Pays-BasOui
59%
qui borde la Mer d'Arabie ?YémenOui
59%
qui borde la Mer du Japon ?RussieOui
55%
qui borde la Mer du Japon ?TaïwanNon
55%
qui borde la mer des Caraïbes ?SurinameOui
53%
qui borde la mer Caspienne? TurkménistanOui
53%
qui borde la mer Caspienne? KazakhstanOui
49%
qui borde la Mer d'Arabie ?PakistanOui
45%
qui borde la Mer d'Arabie ?IndeOui
36%
qui borde la Mer d'Arabie ?Arabie SaouditeNon
34%
qui borde la Mer d'Arabie ?MaldivesOui
33%
qui borde la Mer du Japon ?ChineNon
23%

Distribution des résultats

Percentile par nombre de réponses

% des personnes avec chaque résultat

Votre développement - résultats

Vous n’avez pas pris ce quiz